[Event "Mittelrhein Verbandsliga Sued 1920"]
[Site "Mittelrhein"]
[Date "2019.11.17"]
[Round "3.3"]
[White "Falkenberg, Hendrik"]
[Black "Niesel, Tobias"]
[Result "0-1"]
[WhiteElo "1856"]
[BlackElo "1912"]
[PlyCount "88"]
[EventDate "2019.09.29"]
[EventType "team-tourn"]
[EventRounds "9"]
[EventCountry "GER"]
[SourceTitle "EXT 2023"]
[Source "ChessBase"]
[SourceDate "2022.10.05"]
[SourceVersion "1"]
[SourceVersionDate "2022.10.05"]
[SourceQuality "1"]
[WhiteTeam "Bonn Stadtverwaltung II"]
[BlackTeam "Koeln Porz IV"]
[WhiteTeamCountry "GER"]
[BlackTeamCountry "GER"]

1. d4 Nf6 2. c4 c5 3. d5 e5 4. Nc3 d6 5. e4 Be7 6. Bd3 0-0 7. Nge2 Ne8 8. b3 Bg5 9. Bb2 g6 10. 0-0 Nd7 11. g3 Ng7 12. f4 Bf6 13. f5 Bg5 14. Rf3 Nf6 15. h4 Bh6 16. Qf1 Ng4 17. Qh3 Be3+ 18. Kg2 h5 19. Nd1 Bd4 20. Nxd4 cxd4 21. Bc1 Qa5 22. Qh1 Bd7 23. Qf1 Rac8 24. Qe2 a6 25. b4 Qd8 26. Rb1 b5 27. c5 gxf5 28. exf5 f6 29. c6 Be8 30. Nf2 Bf7 31. Qe4 Qe7 32. Be2 Nxf2 33. Rxf2 Kh8 34. Bd2 Ne8 35. Bd1 Nc7 36. Bb3 Rg8 37. Kh2 Rg4 38. Qh1 Rcg8 39. Rg1 e4 40. Re2 e3 41. Qf3 Qe5 42. Kh3 Bxd5 43. Bxd5 Qxd5 44. Qxd5 Nxd5 0-1

[Event "Mittelrhein Verbandsliga-N 18/19"]
[Site "Nordrheinwestfalen"]
[Date "2019.05.19"]
[Round "11.3"]
[White "Niesel, Tobias"]
[Black "Weiser, Hans Josef"]
[Result "1/2-1/2"]
[WhiteElo "1904"]
[BlackElo "1954"]
[PlyCount "120"]
[EventDate "2018.09.02"]
[EventType "team-tourn"]
[EventRounds "12"]
[EventCountry "GER"]
[SourceTitle "EXT 2022"]
[Source "ChessBase"]
[SourceDate "2021.10.06"]
[SourceVersion "1"]
[SourceVersionDate "2021.10.06"]
[SourceQuality "1"]
[WhiteTeam "Porz SG III"]
[BlackTeam "Bergische SF"]
[WhiteTeamCountry "GER"]
[BlackTeamCountry "GER"]

1. c4 Nf6 2. g3 c6 3. Bg2 d5 4. Nf3 Bf5 5. Qb3 Qb6 6. d3 Nbd7 7. Be3 Qxb3 8. axb3 a6 9. Nh4 Bg6 10. Nc3 e6 11. 0-0 Be7 12. h3 0-0 13. f4 Bc5 14. d4 Bb4 15. Na2 Bd6 16. c5 Bc7 17. Nxg6 hxg6 18. Nc3 Rad8 19. Ra4 Rb8 20. Bf2 Nh5 21. Bf3 f5 22. e3 Nhf6 23. Kg2 Kf7 24. g4 Rh8 25. Bg3 Ne4 26. Nxe4 dxe4 27. Be2 Nf6 28. gxf5 gxf5 29. Bc4 Rh6 30. Re1 Rg6 31. Kf2 Rh6 32. Bf1 Bd8 33. Rea1 Nd5 34. Bg2 Bf6 35. Bf1 Rbh8 36. Bc4 Nc7 37. Rb4 Nb5 38. Bf1 Ke7 39. Bxb5 cxb5 40. c6 bxc6 41. Rxa6 Rc8 42. Kg2 Kd7 43. Be1 Be7 44. Bc3 Bxb4 45. Bxb4 Rhh8 46. Ra7+ Rc7 47. Ra1 Rhc8 48. Kf2 Ke8 49. Bc5 Kf7 50. Kg3 Rg8 51. h4 Rh8 52. Bd6 Rd7 53. Be5 Rc8 54. b4 g6 55. Ra6 Ke7 56. Kh3 Rb7 57. Ra1 Rg8 58. Rc1 Kd7 59. Rg1 Kc8 60. Rc1 Kd7 1/2-1/2

[Event "Mittelrhein Verbandsliga-N 18/19"]
[Site "Nordrheinwestfalen"]
[Date "2019.02.10"]
[Round "7.5"]
[White "Niesel, Tobias"]
[Black "Boehm, Stefan"]
[Result "1-0"]
[WhiteElo "1925"]
[BlackElo "2010"]
[PlyCount "67"]
[EventDate "2018.09.02"]
[EventType "team-tourn"]
[EventRounds "12"]
[EventCountry "GER"]
[SourceTitle "EXT 2022"]
[Source "ChessBase"]
[SourceDate "2021.10.06"]
[SourceVersion "1"]
[SourceVersionDate "2021.10.06"]
[SourceQuality "1"]
[WhiteTeam "Porz SG III"]
[BlackTeam "Leverkusen SC Bayer"]
[WhiteTeamCountry "GER"]
[BlackTeamCountry "GER"]

1. c4 b6 2. Nc3 Bb7 3. e4 e6 4. d3 d5 5. g3 d4 6. Nce2 Bb4+ 7. Bd2 Bxd2+ 8. Qxd2 Nf6 9. Bg2 c5 10. Nf3 Nbd7 11. h4 h6 12. Nf4 Qc7 13. Rc1 Ng4 14. h5 Ndf6 15. Nh2 Qe5 16. Nxg4 Nxg4 17. Rh4 Qg5 18. Qd1 Ne5 19. Rc2 0-0 20. Nh3 Qe7 21. f4 Nc6 22. Re2 e5 23. Qd2 f6 24. Ng1 Ba6 25. Bh3 b5 26. b3 bxc4 27. bxc4 Rab8 28. Nf3 Rb1+ 29. Kf2 Rfb8 30. Bf5 Nb4 31. fxe5 fxe5 32. Rg4 Kh8 33. Rg6 Rb6 34. Nh4 1-0

[Event "GER-chT U20"]
[Site "Osnabrueck"]
[Date "2018.12.27"]
[Round "2.6"]
[White "Niesel, Tobias"]
[Black "Glaser, Maximilian"]
[Result "1/2-1/2"]
[WhiteElo "1890"]
[BlackElo "1794"]
[PlyCount "67"]
[EventDate "2018.12.27"]
[EventType "team-swiss"]
[EventRounds "7"]
[EventCountry "GER"]
[SourceTitle "CBM 188 Extra"]
[Source "ChessBase"]
[SourceDate "2019.02.28"]
[SourceVersion "1"]
[SourceVersionDate "2019.02.28"]
[SourceQuality "1"]
[WhiteTeam "Porz SG"]
[BlackTeam "Hagen"]
[WhiteTeamCountry "GER"]
[BlackTeamCountry "GER"]

1. Nf3 g6 2. c4 Bg7 3. g3 c5 4. Bg2 Nc6 5. 0-0 Nf6 6. Nc3 0-0 7. d4 cxd4 8. Nxd4 Nxd4 9. Qxd4 d6 10. Qh4 h5 11. Rd1 Qa5 12. Bd2 Qb6 13. b4 Ng4 14. c5 Qxb4 15. Ne4 Qa3 16. cxd6 exd6 17. h3 Nh6 18. Nf6+ Kh8 19. g4 Qb2 20. Bg5 Qxe2 21. Re1 Qc4 22. Rac1 Qa4 23. Nxh5 gxh5 24. Qxh5 Kh7 25. Be4+ f5 26. Rc7 Bd7 27. Bxh6 fxe4 28. Bxg7+ Kxg7 29. Qg5+ Kf7 30. Qf5+ Kg8 31. Qg6+ Kh8 32. Qh6+ Kg8 33. Qg6+ Kh8 34. Qh6+ 1/2-1/2

[Event "Mittelrhein Verbandsliga-N 17/18"]
[Site "Nordrheinwestfalen"]
[Date "2018.04.15"]
[Round "10.4"]
[White "Niesel, Tobias"]
[Black "Schmitz, Manuela"]
[Result "1/2-1/2"]
[WhiteElo "1840"]
[BlackElo "1885"]
[PlyCount "73"]
[EventDate "2017.09.10"]
[EventType "team-swiss"]
[EventRounds "11"]
[EventCountry "GER"]
[SourceTitle "EXT 2022"]
[Source "ChessBase"]
[SourceDate "2021.10.06"]
[SourceVersion "1"]
[SourceVersionDate "2021.10.06"]
[SourceQuality "1"]
[WhiteTeam "Porz SG IV"]
[BlackTeam "Eikamp Freibauer"]
[WhiteTeamCountry "GER"]
[BlackTeamCountry "GER"]

1. c4 e6 2. g3 Nf6 3. Bg2 d5 4. Nf3 Be7 5. 0-0 0-0 6. b3 b6 7. Bb2 Bb7 8. e3 c5 9. cxd5 exd5 10. d4 Nc6 11. Re1 Rc8 12. Nc3 a6 13. Rc1 cxd4 14. Nxd4 Nxd4 15. Qxd4 Bc5 16. Qh4 b5 17. Ne2 Be7 18. Nf4 Qa5 19. Nh5 Qd2 20. Qg5 Nxh5 21. Qxe7 Qxb2 22. Rb1 Qxa2 23. Qxb7 Rc2 24. Rf1 Nf6 25. Bxd5 Ng4 26. Ra1 Qb2 27. Rab1 Qf6 28. Bf3 Ne5 29. Be4 Rd2 30. Rbd1 Rfd8 31. Rxd2 Rxd2 32. Qb8+ Rd8 33. Qc7 g6 34. Bb7 Rd7 35. Qc8+ Rd8 36. Qc7 Rd7 37. Qc8+ 1/2-1/2

[Event "GER-chT U20"]
[Site "Duesseldorf"]
[Date "2017.12.29"]
[Round "5.6"]
[White "Visvikis, Christos"]
[Black "Niesel, Tobias"]
[Result "1-0"]
[WhiteElo "1882"]
[BlackElo "1942"]
[PlyCount "67"]
[EventDate "2017.12.27"]
[EventType "team-swiss"]
[EventRounds "7"]
[EventCountry "GER"]
[SourceTitle "CBM 182 Extra"]
[Source "ChessBase"]
[SourceDate "2018.02.23"]
[SourceVersion "1"]
[SourceVersionDate "2018.02.23"]
[SourceQuality "1"]
[WhiteTeam "Baden-Baden U20"]
[BlackTeam "Porz SG U20"]
[WhiteTeamCountry "GER"]
[BlackTeamCountry "GER"]

1. e4 Nf6 2. e5 Nd5 3. d4 d6 4. c4 Nb6 5. exd6 exd6 6. Nc3 Nc6 7. Be3 Be7 8. h3 0-0 9. Nf3 Re8 10. Be2 Bf5 11. d5 Nb8 12. Nd4 Bd7 13. 0-0 c5 14. dxc6 Nxc6 15. Ndb5 Ne5 16. Bxb6 Qxb6 17. Nd5 Qc6 18. Nbc7 Bf8 19. Nxa8 Rxa8 20. Rc1 Be6 21. f4 Qc5+ 22. Kh1 Nc6 23. f5 Bd7 24. f6 g6 25. a3 a5 26. Qd2 Re8 27. b4 Qd4 28. Qxd4 Nxd4 29. Bf3 Nb3 30. Rcd1 Rb8 31. Rd3 a4 32. Ne7+ Kh8 33. Rxd6 Be6 34. Rfd1 1-0

[Event "GER-chT U20"]
[Site "Duesseldorf"]
[Date "2017.12.27"]
[Round "2.6"]
[White "Niesel, Tobias"]
[Black "Karlisch, Moritz"]
[Result "0-1"]
[WhiteElo "1942"]
[BlackElo "1859"]
[PlyCount "72"]
[EventDate "2017.12.27"]
[EventType "team-swiss"]
[EventRounds "7"]
[EventCountry "GER"]
[SourceTitle "CBM 182 Extra"]
[Source "ChessBase"]
[SourceDate "2018.02.23"]
[SourceVersion "1"]
[SourceVersionDate "2018.02.23"]
[SourceQuality "1"]
[WhiteTeam "Porz SG U20"]
[BlackTeam "Kiel Doppelbauer U20"]
[WhiteTeamCountry "GER"]
[BlackTeamCountry "GER"]

1. c4 c5 2. g3 g6 3. Bg2 Bg7 4. Nc3 Nc6 5. a3 d6 6. Rb1 Nf6 7. e3 Bf5 8. d3 0-0 9. Nge2 Qd7 10. h3 Rab8 11. b4 Rfd8 12. e4 Be6 13. Be3 b6 14. b5 Na5 15. f4 Ne8 16. g4 f5 17. gxf5 gxf5 18. Nd5 fxe4 19. Bxe4 Nf6 20. Nxf6+ Bxf6 21. Rg1+ Kh8 22. Ng3 Bf7 23. Nf5 Rg8 24. Nh6 Rxg1+ 25. Bxg1 Bc3+ 26. Kf2 Bg6 27. f5 Rf8 28. Kg2 Be8 29. Qg4 Bg7 30. Qg5 Bf6 31. Qe3 Bh5 32. Kh1 e6 33. Bf2 Qe7 34. Re1 Bg5 35. f6 Qxf6 36. Nf7+ Rxf7 0-1

[Event "Mittelrhein Verbandsliga-N 17/18"]
[Site "Nordrheinwestfalen"]
[Date "2017.11.12"]
[Round "4.5"]
[White "Niesel, Tobias"]
[Black "Kocur, Beata"]
[Result "1-0"]
[WhiteElo "1887"]
[BlackElo "1759"]
[PlyCount "73"]
[EventDate "2017.09.10"]
[EventType "team-swiss"]
[EventRounds "11"]
[EventCountry "GER"]
[SourceTitle "EXT 2022"]
[Source "ChessBase"]
[SourceDate "2021.10.06"]
[SourceVersion "1"]
[SourceVersionDate "2021.10.06"]
[SourceQuality "1"]
[WhiteTeam "Porz SG IV"]
[BlackTeam "Hitdorf SV Springer"]
[WhiteTeamCountry "GER"]
[BlackTeamCountry "GER"]

1. c4 Nf6 2. g3 g6 3. Bg2 Bg7 4. e4 d6 5. Ne2 0-0 6. h3 e5 7. 0-0 Be6 8. d3 c6 9. Nbc3 d5 10. cxd5 cxd5 11. f4 dxe4 12. dxe4 Nc6 13. Be3 exf4 14. gxf4 Nh5 15. Qe1 Bf6 16. Bf2 Qa5 17. a3 Bxc3 18. bxc3 Bc4 19. Bh4 Rfe8 20. Rd1 Qxa3 21. Rd7 Qa6 22. Bf3 Ng7 23. Rf2 Be6 24. Rd6 Qa3 25. Rd1 Rac8 26. Bf6 Qa5 27. f5 Bc4 28. Rg2 Ne5 29. Bxe5 Qxe5 30. Nd4 Kf8 31. Qh4 gxf5 32. exf5 Qe3+ 33. Kh1 h6 34. f6 Ne6 35. Nf5 Qf4 36. Qxh6+ Qxh6 37. Nxh6 1-0

[Event "Mittelrhein Verbandsliga-N 17/18"]
[Site "Nordrheinwestfalen"]
[Date "2017.09.10"]
[Round "1.5"]
[White "Gerdau, Andreas"]
[Black "Niesel, Tobias"]
[Result "1/2-1/2"]
[WhiteElo "1884"]
[BlackElo "1887"]
[PlyCount "94"]
[EventDate "2017.09.10"]
[EventType "team-swiss"]
[EventRounds "11"]
[EventCountry "GER"]
[SourceTitle "EXT 2022"]
[Source "ChessBase"]
[SourceDate "2021.10.06"]
[SourceVersion "1"]
[SourceVersionDate "2021.10.06"]
[SourceQuality "1"]
[WhiteTeam "Kalker/Deutzer SG"]
[BlackTeam "Porz SG IV"]
[WhiteTeamCountry "GER"]
[BlackTeamCountry "GER"]

1. e4 Nf6 2. e5 Nd5 3. Nc3 Nb6 4. d4 d6 5. Nf3 Bg4 6. Be2 e6 7. 0-0 Be7 8. h3 Bh5 9. exd6 cxd6 10. Bf4 0-0 11. Qd2 Nc6 12. Ne4 Rc8 13. b3 Bg6 14. Bd3 Bxe4 15. Bxe4 d5 16. Bd3 Nb4 17. c3 Nxd3 18. Qxd3 f6 19. Rfe1 Rc6 20. Re2 Qd7 21. a4 Rfc8 22. Bd2 Re8 23. a5 Nc8 24. Rae1 Bd8 25. c4 Ra6 26. b4 dxc4 27. Qxc4 Nd6 28. Qb3 Nb5 29. d5 e5 30. Be3 b6 31. axb6 Bxb6 32. Bc5 Ra3 33. Qc4 Rc3 34. Qa2 Bxc5 35. bxc5 Rxc5 36. Rd2 Rd8 37. d6+ Kh8 38. Qa5 Rdc8 39. Ra1 Rc1+ 40. Rd1 R1c2 41. Qa4 R2c4 42. Qa6 Nd4 43. Nxd4 exd4 44. Qxa7 Qxd6 45. Qf7 R4c7 46. Qb3 Rd8 47. Qd3 h6 1/2-1/2

[Event "GER-chT U20"]
[Site "Borken"]
[Date "2016.12.29"]
[Round "5.5"]
[White "Niesel, Tobias"]
[Black "Dittmar, Lars"]
[Result "1/2-1/2"]
[WhiteElo "1927"]
[BlackElo "1834"]
[PlyCount "140"]
[EventDate "2016.12.27"]
[EventType "team-swiss"]
[EventRounds "7"]
[EventCountry "GER"]
[SourceTitle "EXT 2018"]
[Source "ChessBase"]
[SourceDate "2017.10.13"]
[SourceVersion "1"]
[SourceVersionDate "2017.10.13"]
[SourceQuality "1"]
[WhiteTeam "Porz SG"]
[BlackTeam "Darmstadt"]
[WhiteTeamCountry "GER"]
[BlackTeamCountry "GER"]

1. c4 Nf6 2. g3 e6 3. Bg2 d5 4. Nf3 Be7 5. 0-0 0-0 6. b3 c5 7. Bb2 Nc6 8. e3 Qc7 9. Qe2 b6 10. Nc3 a6 11. Rfd1 Bb7 12. d4 Rad8 13. Rac1 Rfe8 14. Na4 cxd4 15. cxd5 exd5 16. Nxd4 b5 17. Nc5 Nxd4 18. Bxd4 Rc8 19. b4 Bxc5 20. Rxc5 Qd7 21. Bxf6 Rxc5 22. bxc5 gxf6 23. Qc2 Qe6 24. Rd4 Qe5 25. h3 Bc6 26. Rg4+ Kh8 27. Rh4 f5 28. Rh5 Bd7 29. Qd3 Be6 30. Rh4 Rc8 31. Qd4 Qg7 32. Bf1 f6 33. a4 Qe7 34. axb5 axb5 35. Bxb5 Rxc5 36. Qb2 Kg7 37. Bd3 Qc7 38. Rb4 Qd7 39. Bc2 Rc4 40. Rb6 Rc6 41. Rb3 Qc8 42. Bd3 Rc1+ 43. Kh2 Rc7 44. Rb8 Qd7 45. Qb4 Rc8 46. Rb6 Rc6 47. Rxc6 Qxc6 48. Qe7+ Bf7 49. Bxf5 d4 50. Be4 Qc4 51. exd4 Qxd4 52. Kg2 Qc4 53. Bf3 h6 54. Qb7 Qe6 55. Bh5 Qd5+ 56. Qxd5 Bxd5+ 57. Bf3 Be6 58. g4 Bc4 59. Kg3 Bb3 60. Be4 Bc4 61. Kf4 Bf1 62. h4 Bc4 63. Ke3 Bb3 64. Kd4 Bd1 65. f3 Bb3 66. Kc5 Ba2 67. Kd6 Bb3 68. Ke7 Bc4 69. Bc6 Be2 70. Be4 Bd1 1/2-1/2

[Event "GER-chT U20"]
[Site "Borken"]
[Date "2016.12.28"]
[Round "3.5"]
[White "Niesel, Tobias"]
[Black "Bosselmann, Tom Linus"]
[Result "0-1"]
[WhiteElo "1927"]
[BlackElo "1871"]
[PlyCount "58"]
[EventDate "2016.12.27"]
[EventType "team-swiss"]
[EventRounds "7"]
[EventCountry "GER"]
[SourceTitle "EXT 2018"]
[Source "ChessBase"]
[SourceDate "2017.10.13"]
[SourceVersion "1"]
[SourceVersionDate "2017.10.13"]
[SourceQuality "1"]
[WhiteTeam "Porz SG"]
[BlackTeam "Luebeck"]
[WhiteTeamCountry "GER"]
[BlackTeamCountry "GER"]

1. c4 e5 2. g3 Nc6 3. Bg2 f5 4. Nc3 Nf6 5. e3 d5 6. cxd5 Nb4 7. d3 Nbxd5 8. a3 Be6 9. Nge2 Be7 10. 0-0 0-0 11. Qc2 Rc8 12. b3 c6 13. Bb2 Bd6 14. Rfd1 Qe7 15. Bc1 Rcd8 16. h3 Qf7 17. Rb1 Qh5 18. Nxd5 Bxd5 19. Bb2 Bxg2 20. Kxg2 f4 21. exf4 exf4 22. Ng1 fxg3 23. fxg3 Qd5+ 24. Nf3 Ng4 25. hxg4 Qxf3+ 26. Kg1 Qe3+ 27. Kh1 Rf2 28. Qc4+ Kh8 29. Bxg7+ Kxg7 0-1

[Event "GER-chT U20"]
[Site "Borken"]
[Date "2016.12.27"]
[Round "2.5"]
[White "Bay, Nicolai"]
[Black "Niesel, Tobias"]
[Result "1/2-1/2"]
[WhiteElo "1973"]
[BlackElo "1927"]
[PlyCount "49"]
[EventDate "2016.12.27"]
[EventType "team-swiss"]
[EventRounds "7"]
[EventCountry "GER"]
[SourceTitle "EXT 2018"]
[Source "ChessBase"]
[SourceDate "2017.10.13"]
[SourceVersion "1"]
[SourceVersionDate "2017.10.13"]
[SourceQuality "1"]
[WhiteTeam "Eppingen"]
[BlackTeam "Porz SG"]
[WhiteTeamCountry "GER"]
[BlackTeamCountry "GER"]

1. e4 Nf6 2. e5 Nd5 3. d4 d6 4. c4 Nb6 5. f4 dxe5 6. fxe5 Bf5 7. Be3 Nc6 8. Nc3 e6 9. Be2 Be7 10. Nf3 0-0 11. 0-0 a5 12. Qd2 Nb4 13. Rac1 Nd7 14. a3 Na6 15. Rfd1 f6 16. exf6 Nxf6 17. h3 Qe8 18. Bd3 Rd8 19. Bxf5 exf5 20. Re1 Nc5 21. Qc2 Nce4 22. Nxe4 Nxe4 23. Nd2 Nxd2 24. Qxd2 Bh4 25. Bf2 1/2-1/2

[Event "GER-chT U20"]
[Site "Borken"]
[Date "2016.12.27"]
[Round "1.5"]
[White "Niesel, Tobias"]
[Black "Wuebker, Paul Luca"]
[Result "1-0"]
[WhiteElo "1927"]
[BlackElo "1841"]
[PlyCount "93"]
[EventDate "2016.12.27"]
[EventType "team-swiss"]
[EventRounds "7"]
[EventCountry "GER"]
[SourceTitle "EXT 2018"]
[Source "ChessBase"]
[SourceDate "2017.10.13"]
[SourceVersion "1"]
[SourceVersionDate "2017.10.13"]
[SourceQuality "1"]
[WhiteTeam "Porz SG"]
[BlackTeam "Bochum"]
[WhiteTeamCountry "GER"]
[BlackTeamCountry "GER"]

1. Nf3 d5 2. c4 d4 3. d3 c5 4. g3 Nc6 5. Bg2 Nf6 6. 0-0 e5 7. Na3 Rb8 8. Nc2 Be7 9. a3 a5 10. b3 0-0 11. Bb2 Qc7 12. e3 Bg4 13. exd4 exd4 14. Qd2 Rfe8 15. Rfe1 b5 16. cxb5 Rxb5 17. b4 axb4 18. axb4 Nxb4 19. Nxb4 Rxb4 20. Rac1 Reb8 21. Rc2 Bxf3 22. Bxf3 Bf8 23. Rec1 Qa7 24. Ra1 Qb6 25. Bc1 Qb5 26. Kg2 Rb3 27. Rc4 Nd7 28. Ra5 Qb6 29. Rca4 Qf6 30. Ra7 Nb6 31. R4a6 c4 32. Be4 c3 33. Qc2 Rb5 34. Rc7 Qe5 35. Bf4 Qe8 36. Raa7 Rb2 37. Qd1 Rc8 38. Rxf7 Qe6 39. Qh5 h6 40. Rfb7 c2 41. Rxb6 Rxb6 42. Bd5 Kh8 43. Bxe6 Rxe6 44. Qf5 Rec6 45. Bc1 Rd8 46. Rf7 Kg8 47. Rxf8+ 1-0

[Event "Mittelrhein Verbandsliga-M 16/17"]
[Site "Nordrheinwestfalen"]
[Date "2016.12.18"]
[Round "5.1"]
[White "Niesel, Tobias"]
[Black "Thiel, Kuno"]
[Result "1/2-1/2"]
[WhiteElo "1927"]
[BlackElo "2102"]
[PlyCount "44"]
[EventDate "2016.09.11"]
[EventType "team-tourn"]
[EventRounds "11"]
[EventCountry "GER"]
[SourceTitle "EXT 2022"]
[Source "ChessBase"]
[SourceDate "2021.10.06"]
[SourceVersion "1"]
[SourceVersionDate "2021.10.06"]
[SourceQuality "1"]
[WhiteTeam "Porz SG V"]
[BlackTeam "Leverkusen SC Bayer"]
[WhiteTeamCountry "GER"]
[BlackTeamCountry "GER"]

1. c4 e6 2. g3 d5 3. Bg2 Nf6 4. Nf3 Be7 5. b3 0-0 6. 0-0 b6 7. Bb2 Bb7 8. d3 c5 9. Nbd2 d4 10. Qc2 Nc6 11. a3 Qd7 12. e4 dxe3 13. fxe3 Rfd8 14. d4 h6 15. Rad1 Rac8 16. Rfe1 Qe8 17. Qb1 Na5 18. Bc3 cxd4 19. exd4 Qf8 20. a4 Bb4 21. Ba1 Be7 22. Bh3 Rb8 1/2-1/2

[Event "GER-ch U25-A"]
[Site "Willingen"]
[Date "2016.05.21"]
[Round "9"]
[White "Schilay, Lorenz"]
[Black "Niesel, Tobias"]
[Result "1-0"]
[WhiteElo "1762"]
[BlackElo "1973"]
[PlyCount "114"]
[EventDate "2016.05.15"]
[EventType "swiss"]
[EventRounds "9"]
[EventCountry "GER"]
[SourceTitle "CBM 172 Extra"]
[Source "ChessBase"]
[SourceDate "2016.06.21"]
[SourceVersion "1"]
[SourceVersionDate "2016.06.21"]
[SourceQuality "1"]

1. e4 c6 2. Nf3 g6 3. d4 d5 4. exd5 cxd5 5. Ne5 Nf6 6. Bb5+ Bd7 7. Nxd7 Nbxd7 8. 0-0 Bg7 9. Nc3 0-0 10. Re1 a6 11. Bd3 Re8 12. Bf4 Qb6 13. Qf3 e6 14. Ne2 Rad8 15. b3 e5 16. dxe5 Nxe5 17. Bxe5 Rxe5 18. Nf4 Qd4 19. Rad1 Bh6 20. Rxe5 Qxe5 21. Ne2 Re8 22. Ng3 Bf8 23. Rd2 Bc5 24. c4 h5 25. h3 Qg5 26. Re2 Rxe2 27. Bxe2 h4 28. Nf1 Ne4 29. Ne3 f5 30. Bd3 f4 31. Ng4 Kg7 32. Bxe4 dxe4 33. Qxe4 b6 34. Qe5+ Qxe5 35. Nxe5 g5 36. Kf1 Bd6 37. Nd3 Kf6 38. Ke2 a5 39. f3 Ke6 40. Nf2 Be7 41. Kd3 Bd6 42. Ne4 Be7 43. Nc3 Kd6 44. Nd5 Bd8 45. Kd4 Kc6 46. a3 Kd6 47. b4 axb4 48. axb4 Kc6 49. c5 bxc5+ 50. bxc5 Ba5 51. Kc4 Be1 52. Nb4+ Kd7 53. Kb5 Bf2 54. c6+ Kd6 55. Nd5 Bd4 56. c7 Kd7 57. Ka6 Kc8 1-0

[Event "GER-ch U25-A"]
[Site "Willingen"]
[Date "2016.05.15"]
[Round "1"]
[White "Pahl, Theis"]
[Black "Niesel, Tobias"]
[Result "0-1"]
[WhiteElo "1583"]
[BlackElo "1973"]
[PlyCount "78"]
[EventDate "2016.05.15"]
[EventType "swiss"]
[EventRounds "9"]
[EventCountry "GER"]
[SourceTitle "CBM 172 Extra"]
[Source "ChessBase"]
[SourceDate "2016.06.21"]
[SourceVersion "1"]
[SourceVersionDate "2016.06.21"]
[SourceQuality "1"]

1. e4 c6 2. d4 d5 3. Nd2 dxe4 4. Nxe4 Nf6 5. Nxf6+ gxf6 6. Bf4 Bf5 7. Nf3 Qd5 8. Bd3 Bxd3 9. Qxd3 e6 10. c4 Qd7 11. 0-0-0 Na6 12. Kb1 0-0-0 13. Qe4 Bd6 14. Bg3 Bxg3 15. hxg3 Nc7 16. Rxh7 Rxh7 17. Qxh7 e5 18. Qh3 e4 19. Nh4 Ne6 20. Nf5 Kb8 21. Qh6 Nc5 22. Qxf6 Nd3 23. Rf1 c5 24. d5 b5 25. f3 exf3 26. Rxf3 bxc4 27. Ne7 Re8 28. d6 Qa4 29. Rf1 Nb4 30. a3 Nd3 31. Qxf7 c3 32. bxc3 c4 33. Rf2 Qb3+ 34. Ka1 Qxa3+ 35. Kb1 Qb3+ 36. Ka1 Qxc3+ 37. Ka2 Qb3+ 38. Ka1 Qa3+ 39. Kb1 Qc1+ 0-1

[Event "GER-chT U16"]
[Site "Lingen"]
[Date "2015.12.28"]
[Round "3.4"]
[White "Niesel, Tobias"]
[Black "Schulte, Felix"]
[Result "1-0"]
[WhiteElo "1902"]
[BlackElo "1826"]
[PlyCount "104"]
[EventDate "2015.12.27"]
[EventType "team-swiss"]
[EventRounds "7"]
[EventCountry "GER"]
[SourceTitle "EXT 2017"]
[Source "ChessBase"]
[SourceDate "2016.10.25"]
[SourceVersion "1"]
[SourceVersionDate "2016.10.25"]
[SourceQuality "1"]
[WhiteTeam "Porz SG"]
[BlackTeam "Halle Volksbank"]
[WhiteTeamCountry "GER"]
[BlackTeamCountry "GER"]

1. g3 Nf6 2. Bg2 d5 3. c4 c6 4. cxd5 cxd5 5. Nf3 Bf5 6. 0-0 Nc6 7. Qa4 Qd7 8. Re1 e6 9. d3 h6 10. Nbd2 Be7 11. a3 0-0 12. b4 a6 13. e4 Bh7 14. Bb2 Rfc8 15. Qb3 dxe4 16. dxe4 Rd8 17. Nc4 Qd3 18. Qxd3 Rxd3 19. Nfe5 Nxe5 20. Bxe5 Rc8 21. Bf1 Rdd8 22. f3 b5 23. Ne3 Nd7 24. Bd4 e5 25. Nd5 Bf8 26. Bf2 Rc2 27. Bh3 f6 28. Rec1 Rxc1+ 29. Rxc1 Kh8 30. Rc6 Nb8 31. Rc3 Bg8 32. Bb6 Re8 33. Nc7 Rd8 34. Nd5 Re8 35. Rc7 Bd6 36. Ra7 Bxd5 37. exd5 e4 38. fxe4 Rxe4 39. Ra8 Re7 40. Bc5 Re1+ 41. Kf2 Bxc5+ 42. Kxe1 Bd6 43. Bc8 Kh7 44. Bxa6 Kg6 45. Bxb5 Kf5 46. Ke2 Kg4 47. a4 Kh3 48. a5 Kxh2 49. a6 Nxa6 50. Rxa6 Bxb4 51. Kf3 h5 52. Ra2+ Kg1 1-0

[Event "GER-chT U16"]
[Site "Lingen"]
[Date "2015.12.28"]
[Round "4.4"]
[White "Schneider, Edward"]
[Black "Niesel, Tobias"]
[Result "0-1"]
[WhiteElo "1592"]
[BlackElo "1902"]
[PlyCount "74"]
[EventDate "2015.12.27"]
[EventType "team-swiss"]
[EventRounds "7"]
[EventCountry "GER"]
[SourceTitle "EXT 2017"]
[Source "ChessBase"]
[SourceDate "2016.10.25"]
[SourceVersion "1"]
[SourceVersionDate "2016.10.25"]
[SourceQuality "1"]
[WhiteTeam "Sasbach"]
[BlackTeam "Porz SG"]
[WhiteTeamCountry "GER"]
[BlackTeamCountry "GER"]

1. e4 b6 2. Bc4 Bb7 3. Nc3 e6 4. Nf3 Bb4 5. d3 Ne7 6. 0-0 0-0 7. a3 Bxc3 8. bxc3 h6 9. Be3 d5 10. exd5 exd5 11. Ba2 Nf5 12. Bf4 Nd7 13. d4 Nf6 14. Qd3 Nd6 15. Ne5 a5 16. Rfe1 Nfe4 17. f3 Nf6 18. Qd2 Nd7 19. Nxd7 Qxd7 20. Re5 Nf5 21. g4 Nh4 22. Kf2 Ng6 23. Rh5 Nxf4 24. Qxf4 Rae8 25. g5 hxg5 26. Qxg5 Qe7 27. Qxe7 Rxe7 28. Bxd5 Bxd5 29. Rxd5 Rfe8 30. Kg3 Re3 31. c4 Rc3 32. c5 Rxc2 33. cxb6 cxb6 34. Rd6 Rb2 35. d5 g5 36. h4 gxh4+ 37. Kxh4 Rg2 0-1

[Event "GER-chT U14"]
[Site "Magdeburg"]
[Date "2013.12.28"]
[Round "4.2"]
[White "Haas, Maximilian"]
[Black "Niesel, Tobias"]
[Result "1-0"]
[WhiteElo "1572"]
[BlackElo "1567"]
[PlyCount "47"]
[EventDate "2013.12.27"]
[EventType "team-swiss"]
[EventRounds "4"]
[EventCountry "GER"]
[SourceTitle "EXT 2015"]
[Source "ChessBase"]
[SourceDate "2014.11.20"]
[SourceVersion "1"]
[SourceVersionDate "2014.11.20"]
[SourceQuality "1"]
[WhiteTeam "Erlangen"]
[BlackTeam "Bruehl"]
[WhiteTeamCountry "GER"]
[BlackTeamCountry "GER"]

1. e4 c6 2. d4 g6 3. Nc3 d5 4. f3 Bg7 5. Be3 dxe4 6. fxe4 Nf6 7. Nf3 Bg4 8. Bc4 b5 9. Bxf7+ Kxf7 10. Ne5+ Ke8 11. Nxg4 Nxg4 12. Qxg4 Nd7 13. Qe6 Qc7 14. 0-0 Rf8 15. Rxf8+ Nxf8 16. Qg8 e6 17. Rf1 Rd8 18. e5 Qe7 19. Ne4 Rd7 20. Bg5 Qb4 21. Nd6+ Rxd6 22. exd6 Bxd4+ 23. Kh1 Qxd6 24. Qf7# 1-0